| 000 | 00847nam a2200181Ia 4500 | ||
|---|---|---|---|
| 008 | 100921s9999 xx 000 0 und d | ||
| 082 |
_b30033 _a923.2 थ 98 |
||
| 100 | _aदेसाई जयश्री. | ||
| 245 | _aराजयोगी नेता अटलबिहारी वाजपेयी. | ||
| 260 |
_bचंद्रकला,पुणे. _c1998 |
||
| 300 |
_a168 _bरसिक साहित्य,पुणे |
||
| 365 | _b110 | ||
| 520 | _aचरित्रे-राजकारणी व्यिक्त. | ||
| 630 | _aराजयोगी नेता अटलबिहारी वाजपेयी. | ||
| 650 | _aचरित्रे-राजकारणी व्यिक्त. | ||
| 730 | _aराजयोगी नेता अटलबिहारी वाजपेयी. | ||
| 942 | _cBOOK | ||
| 999 |
_c779146 _d779143 |
||